Acronymes STMG - Statistiques

Statistiques générales
  • Ce quiz a été pris 59 fois
  • Le résultat moyen est 7 sur 28
Statistiques - réponses
Acronymes Nom entier % Correct
VA Valeur ajoutée
89%
PIB Produit Intérieur Brut
55%
TVA Taxe valeur ajoutée
53%
HT Hors taxe
49%
CA Chiffre d’Affaires
47%
TTC Toutes taxes comprises
47%
CDD Contrat à durée déterminée
45%
CDI Contrat à durée indéterminée
45%
TN Trésorerie nette
34%
FR Fond de roulement
26%
MSCV Marge sur cout variable
26%
QVT Qualité de Vie au Travail
23%
LA RSE Responsabilité Sociétale des Entreprises
21%
SR Seuil de Rentabilité
21%
VD Valeur de départ
17%
CF Charges Fixes
15%
CV Charges Variables
15%
SI Système d'information
15%
FFOM Forces, faiblesses, opportunités, menaces
13%
GPEC Gestion Prévisionnelle des Emplois et des Compétences
13%
STMG Sciences et Technologies du Management et de la Gestion
13%
VA Valeur d'arrivée
13%
FCS Facteurs Clés de Succès
9%
PGI Progiciel de Gestion Intégré
9%
PDM Part de marché
4%
BDD Base de données
2%
PESTEL Politique, Économique, Societale, Technologique, Écologique, Légal
2%
LE RSE Réseau social d'entreprise
2%
Aucun quiz correspondant
Distribution des résultats
% des personnes avec chaque résultat
Percentile par nombre de réponses
Votre historique - résultats
Vous n’avez pas pris ce quiz